01188nam a22002055i 4500001000700000003000900007005001700016008004100033040003000074100004600104245010700150260007400257300002100331490009500352596004400447830010200491852024700593999001900840952012300859160532ES-MaACL20250824063728.0990726s1846 sp |||| | spa d aCCPB | B bspa cCCPB | B1 aNavarrete, Ramón de, d1818-189798504210aYerros de la juventud b: comedia en un acto / carreglada al teatro español por Ramon de Navarrete. aMadrid : b[Manuel Delgado], c1846 (fImprenta de José Repullés) a33 p. ; c19 cm.1 aGalería dramática. Coleccion de las mejores obras del Teatro Moderno Estrangero ; v31 aNombre del ed. serie tomados de la cub.00aGalería dramática: colección de las mejores obras del teatro moderno estrangerov319188549 aES-MaACLjF-8621(5) z-- Enc. pasta española q-- Falto de la cub. originalz-- Enc. en un vol. facticio formando parte de la col. facticia "Teatro español moderno", vol. 76 z.- Dedicatoria manuscrita del traductor "A su querida mamá" c160532d160532 001040708LIBXIXaATENEOMbATENEOMcSPP2d2008-01-17l0oF-8621(5)p1168088r2023-02-23 00:00:00w2023-02-23yMONANT